000 00785nam a22002057a 4500
003 OSt
005 20161110121701.0
008 161109b xxu||||| |||| 00| 0 eng d
040 _aNVIC
_cNVIC
100 _aعاصم الدسوقي
245 1 _aمصر في الحرب العالمية الثانية 1939-1945
250 _aالطبعة الثانية
260 _aالقاهرة:
_bدار الكتاب الجامعي،
_c1982
300 _a334 ص،
_c24 سم
650 _aالسياسة
_vالحرب العالمية الثانية
_xتيارات فكرية
_yالقرن العشرون
_zمصر
650 _aالتاريخ
_vأوضاع سياسية
_xأوضاع إقتصادية
_zمصر
650 _aالموقف الإنجليزي
902 _aE 664
942 _2ddc
_cBK
_kE 664
999 _c11610
_d11610